000 00934nam a2200265Ia 4500
003 OSt
005 20220923220405.0
006 a|||||r|||| 00| 0
007 ta
008 220922b |||||||| |||| 00| 0 hin d
024 _a186,307
037 _cTextual
040 _aARTS
_cARTS
_bhin
041 _2hin
_ahin
082 _aY:1.2, 152M7
100 _aसिन्हा, सच्चिदानंद
245 0 _aजिन्दगी सभ्यता के हाशिये पर
246 _aJindagī sabhyatā ke hāshiye para
260 _aनई दिल्ली
_b अभिव्यंजना
_c1987
300 _a112 पृ.
_ccm.
650 _a भारतीय संस्कृति
_9157954
650 _aभारतीय-लोक साहित्य
942 _hY:1.2, 152M7
_cTEXL
_2CC
999 _c339551
_d339551